| 000 | 00407nam a2200145Ia 4500 | ||
|---|---|---|---|
| 008 | 211109s9999||||xx |||||||||||||| ||und|| | ||
| 082 |
_a570 _bBEN-G |
||
| 100 | _aBenjamin, Farrington | ||
| 245 | 0 | _aGreek Science Its Meaning for Us Vol II | |
| 260 |
_bPenguin Books _aGreat Britian _c1949 |
||
| 300 | _a180p. | ||
| 630 | _xGeneral Stack | ||
| 650 |
_aAnimals _vLife SciencesBiology _xZoology |
||
| 942 | _cBOOK | ||
| 999 |
_c15320 _d15320 |
||